<?xml version="1.0" encoding="UTF-8"?>
<collection xmlns:xsi="http://www.w3.org/2001/XMLSchema-instance" xsi:schemaLocation="http://www.loc.gov/MARC21/slim http://www.loc.gov/standards/marcxml/schema/MARC21slim.xsd" xmlns="http://www.loc.gov/MARC21/slim">
 <record>
  <leader>00000cam a22000004i 4500</leader>
  <controlfield tag="001">UP-99796217613034125</controlfield>
  <controlfield tag="003">Buklod</controlfield>
  <controlfield tag="005">20190611103707.0</controlfield>
  <controlfield tag="006">a     r    |||| u|</controlfield>
  <controlfield tag="007">ta</controlfield>
  <controlfield tag="008">190611s2018    xx     d     r    |||| u|</controlfield>
  <datafield tag="020" ind1=" " ind2=" ">
   <subfield code="a">9781492547846 (pbk)</subfield>
  </datafield>
  <datafield tag="035" ind1=" " ind2=" ">
   <subfield code="a">(iLib)UPD-00405465378</subfield>
  </datafield>
  <datafield tag="040" ind1=" " ind2=" ">
   <subfield code="a">DLC</subfield>
   <subfield code="d">DCHK</subfield>
   <subfield code="e">rda</subfield>
  </datafield>
  <datafield tag="041" ind1=" " ind2=" ">
   <subfield code="a">eng</subfield>
  </datafield>
  <datafield tag="042" ind1=" " ind2=" ">
   <subfield code="a">DMLUC</subfield>
  </datafield>
  <datafield tag="090" ind1=" " ind2=" ">
   <subfield code="a">GV 365</subfield>
   <subfield code="b">L46 2018</subfield>
  </datafield>
  <datafield tag="245" ind1="0" ind2="0">
   <subfield code="a">Lesson planning for high school physical education</subfield>
   <subfield code="b">meeting the national standards &amp; grade-level outcomes</subfield>
   <subfield code="c">Lynn Couturier MacDonald, Robert J. Doan, Stevie Chepko, editors.</subfield>
  </datafield>
  <datafield tag="264" ind1=" " ind2="1">
   <subfield code="a">Champaign, IL</subfield>
   <subfield code="b">Human Kinetics</subfield>
   <subfield code="c">[2018]</subfield>
  </datafield>
  <datafield tag="264" ind1=" " ind2="4">
   <subfield code="c">©2018</subfield>
  </datafield>
  <datafield tag="300" ind1=" " ind2=" ">
   <subfield code="a">vi, 768 pages</subfield>
   <subfield code="b">illustrations</subfield>
   <subfield code="c">28 cm.</subfield>
  </datafield>
  <datafield tag="336" ind1=" " ind2=" ">
   <subfield code="a">text</subfield>
   <subfield code="2">rdacontent</subfield>
  </datafield>
  <datafield tag="337" ind1=" " ind2=" ">
   <subfield code="a">unmediated</subfield>
   <subfield code="2">rdamedia</subfield>
  </datafield>
  <datafield tag="338" ind1=" " ind2=" ">
   <subfield code="a">volume</subfield>
   <subfield code="2">rdacarrier</subfield>
  </datafield>
  <datafield tag="490" ind1="0" ind2=" ">
   <subfield code="a">Human kinectics</subfield>
  </datafield>
  <datafield tag="504" ind1=" " ind2=" ">
   <subfield code="a">Includes bibliographical references.</subfield>
  </datafield>
  <datafield tag="505" ind1="0" ind2=" ">
   <subfield code="a">Part I: Planning for student success in high school. The importance of teaching for student learning in high school -- Teaching to standards : planning lessons using the grade-level outcomes -- Meeting the national standards and grade-level outcomes in high school -- Developing an electives-based program for high school students -- Part II: Lesson plans for high school physical education. Extending students' skills and knowledge to outdoor pursuits -- Extending students' skills and knowledge to individual-performance activities -- Extending students' skills and knowledge to net/wall games -- Extending students' skills and knowledge to target games -- Extending students' skills and knowledge to dance and rhythms -- Extending students' skills and knowledge to fitness activities -- Extending students' skills and knowledge to designing and implementing personal fitness plans.</subfield>
  </datafield>
  <datafield tag="520" ind1="0" ind2=" ">
   <subfield code="a">&quot;Provides standards-based, ready-to-use lesson plans that enhance student learning and help students become physically literate individuals. This book also provides guidance on how to plan effective lessons that align with SHAPE America's National Standards and Grade-Level Outcomes for K-12 Physical Education. Lesson Planning for High School Physical Education is written by master teachers and edited by SHAPE America. In this book, you'll find: more than 240 sequential and comprehensive lesson plans that provide aggressive practice tasks that integrate assessments to evaluate and monitor student progress; innovative and unique modules on topics such as fly fishing, rock climbing, line dance, yoga, and more, as well as more traditional modules; an introductory chapter that presents the key points for the grade span, providing teachers and PE majors and minors a clear roadmap for planning curricula, units, and lessons; lessons that reflect best practices in instruction, helping teachers enhance their effectiveness; [and] expert guidance in delivering quality lessons that are designed to reach objectives and produce outcomes, and not just keep student occupied&quot;-- Provided by publisher.</subfield>
  </datafield>
  <datafield tag="650" ind1=" " ind2="0">
   <subfield code="a">Physical education and training</subfield>
   <subfield code="x">Study and teaching (Secondary)</subfield>
   <subfield code="z">United States.</subfield>
  </datafield>
  <datafield tag="650" ind1=" " ind2="0">
   <subfield code="a">Physical education and training</subfield>
   <subfield code="x">Curricula</subfield>
   <subfield code="z">United States.</subfield>
  </datafield>
  <datafield tag="650" ind1=" " ind2="0">
   <subfield code="a">Lesson planning.</subfield>
  </datafield>
  <datafield tag="658" ind1=" " ind2=" ">
   <subfield code="a">Methods &amp; Strategies in P.E.</subfield>
   <subfield code="c">PEd 194.</subfield>
  </datafield>
  <datafield tag="658" ind1=" " ind2=" ">
   <subfield code="a">CSS Internship</subfield>
   <subfield code="c">PEd 196.</subfield>
  </datafield>
  <datafield tag="658" ind1=" " ind2=" ">
   <subfield code="a">Student Teaching in Physical Education</subfield>
   <subfield code="c">PEd 197.</subfield>
  </datafield>
  <datafield tag="658" ind1=" " ind2=" ">
   <subfield code="a">Curriculum Development in Physical Education</subfield>
   <subfield code="c">HMS 203.</subfield>
  </datafield>
  <datafield tag="700" ind1="1" ind2=" ">
   <subfield code="a">MacDonald, Lynn Couturier</subfield>
   <subfield code="d">1959-</subfield>
   <subfield code="e">editor.</subfield>
  </datafield>
  <datafield tag="700" ind1="1" ind2=" ">
   <subfield code="a">Doan, Robert John</subfield>
   <subfield code="e">editor.</subfield>
  </datafield>
  <datafield tag="700" ind1="1" ind2=" ">
   <subfield code="a">Chepko, Stevie</subfield>
   <subfield code="e">editor.</subfield>
  </datafield>
  <datafield tag="710" ind1="2" ind2=" ">
   <subfield code="a">Shape America</subfield>
   <subfield code="e">publisher.</subfield>
  </datafield>
  <datafield tag="905" ind1=" " ind2=" ">
   <subfield code="a">FO</subfield>
  </datafield>
  <datafield tag="852" ind1="0" ind2=" ">
   <subfield code="a">UPD</subfield>
   <subfield code="b">DCHK</subfield>
   <subfield code="h">GV 365</subfield>
   <subfield code="i">L46 2018</subfield>
  </datafield>
  <datafield tag="942" ind1=" " ind2=" ">
   <subfield code="a">Book</subfield>
  </datafield>
 </record>
</collection>
